书目信息 |
| 题名: |
中国化学五十年
|
|
| 作者: | ;《中国化学五十年》编委会 编 | |
| 分册: | ||
| 出版信息: | 北京 科学出版社 1985.11 |
|
| 页数: | 351页 | |
| 开本: | 26cm | |
| 丛书名: | ||
| 单 册: | ||
| 中图分类: | O6-12 | |
| 科图分类: | ||
| 主题词: | 化学--现状 | |
| 电子资源: | ||
| ISBN: | ||
| 000 | 00598nam0 2200193 45 | |
| 001 | 0181022948 | |
| 005 | 20060517144941.03 | |
| 010 | @b精装@dCNY6.30 | |
| 100 | @a20810111d km y0chiy0120 ea | |
| 101 | 0 | @achi |
| 200 | 1 | @a中国化学五十年@AZhong Guo Hua Xue Wu Shi Nian@e1932-1982@f《中国化学五十年》编委会编@F《Zhong Guo Hua Xue Wu Shi Nian》Bian Wei Hui Bian |
| 210 | @a北京@c科学出版社@d1985.11 | |
| 215 | @a351页@d26cm | |
| 517 | @a1932-1982 | |
| 606 | 0 | @a化学@x现状 |
| 690 | @aO6-12 | |
| 711 | 02 | @a《中国化学五十年》编委会@4编 |
| 801 | @aCN@bTSTC@c20060517 | |
| 905 | @dO6-12@e175@b275946@f1 | |
| 中国化学五十年:1932-1982/《中国化学五十年》编委会编.-北京:科学出版社,1985.11 |
| 351页;26cm |
| ISBN (精装):CNY6.30 |
| ● |
| 相关链接 |
|
|
|
|
正题名:中国化学五十年
索取号:O6-12/175
 
预约/预借
| 序号 | 登录号 | 条形码 | 馆藏地/架位号 | 状态 | 备注 |
| 1 | 0150532 | 202348441 | 密集书库/ [索取号:O6-12/175] | 在馆 | |
| 2 | 0275946 | 000340018 | 第二样本阅览室/ [索取号:O6-12/175] | 在馆 |